00353pab a2200133 454500008004000000100001600040245004500056260000900101300000800110362001000118650003600128650004100164773001400205180718b1996 xxu||||| |||| 00| 0 eng d aRao, S.R.K. aThe economy: hollow claims by government c1996 ap.8 a3 Apr aEconomic and social development aEconomic planning and administration aStatesman